000 00416nam a2200169Ia 4500
008 090711s9999 xx 000 0 und d
082 _b69775
100 _aअदवंत म. ना.
245 _aपैजण
260 _c1992
300 _a123
600 _aअदवंत म. ना.
630 _aपैजण
700 _aअदवंत म. ना.
730 _aपैजण
942 _cBOOK
999 _c311593
_d311593